RuneScape 3 Quests - Statistics

General Stats
  • This quiz has been taken 3 times
  • The average score is 13 of 274
Answer Stats
Hint Answer % Correct
1 Cook's Assistant
100%
186 Demon Slayer
100%
10 Dragon Slayer
100%
90 Recipe for Disaster
67%
223 Chef's Assistant
33%
96 Death to the Dorgeshuun
33%
67 Desert Treasure
33%
180 Diamond in the Rough
33%
200 Dimension of Disaster
33%
44 Elemental Workshop I
33%
102 Elemental Workshop II
33%
155 Elemental Workshop III
33%
87 Enakhra's Lament
33%
4 Ernest the Chicken
33%
18 Fishing Contest
33%
41 Gertrude's Cat
33%
8 Goblin Diplomacy
33%
6 Imp Catcher
33%
55 Monkey Madness
33%
169 Ritual of the Mahjarrat
33%
207 River of Blood
33%
184 Rune Memories
33%
183 Rune Mysteries
33%
69 Tears of Guthix
33%
185 The Brink of Extinction
33%
7 The Knight's Sword
33%
36 The Tourist Trap
33%
5 Vampyre Slayer
33%
136 While Guthix Sleeps
33%
14 Witch's House
33%
175 Wolf Whistle
33%
165 A Clockwork Syringe
0%
89 A Fairy Tale I - Growing Pains
0%
97 A Fairy Tale II - Cure a Queen
0%
154 A Fairy Tale III - Battle at Ork's Rift
0%
251 Aftermath
0%
132 All Fired Up
0%
266 Alpha vs Omega
0%
267 Ancient Awakening
0%
106 Animal Magnetism
0%
114 Another Slice of H.A.M.
0%
122 As a First Resort
0%
194 A Shadow over Ashdale
0%
92 A Soul's Bane
0%
77 A Tail of Two Cats
0%
158 A Void Dance
0%
243 Azzanadra's Quest
0%
119 Back to my Roots
0%
213 Back to the Freezer
0%
268 Battle of Forinthry
0%
244 Battle of the Monolith
0%
205 Beneath Cursed Tides
0%
274 Beneath Scabaras' Sands
0%
64 Between a Rock...
0%
43 Big Chompy Bird Hunting
0%
30 Biohazard
0%
190 Birthright of the Dwarves
0%
149 Blood Runs Deep
0%
188 Bringing Home the Bacon
0%
197 Broken Home
0%
153 Buyers and Cellars
0%
88 Cabin Fever
0%
204 Call of the Ancestors
0%
178 Carnillean Rising
0%
123 Catapult Construction
0%
211 Children of Mah
0%
245 City of Senntisten
0%
20 Clock Tower
0%
108 Cold War
0%
107 Contact
0%
59 Creature of Fenkenstrain
0%
215 Crocodile Tears
0%
224 Curse of the Black Stone
0%
252 Daughter of Chaos
0%
257 Dead and Buried
0%
166 Deadliest Catch
0%
121 Dealing with Scabaras
0%
172 Death Plateau
0%
134 Defender of Varrock
0%
229 Desperate Creatures
0%
227 Desperate Measures
0%
225 Desperate TImes
0%
85 Devious Minds
0%
199 Dishonour among Thieves
0%
161 Do No Evil
0%
115 Dream Mentor
0%
173 Druidic Ritual
0%
276 Duck Quest
0%
38 Dwarf Cannon
0%
50 Eadgar's Ruse
0%
105 Eagles' Peak
0%
277 Eclipse of the Heart
0%
164 Elemental Workshop IV
0%
104 Enlightened Journey
0%
218 Evil Dave's Big Day Out
0%
249 Extinction
0%
247 Eye of Het I
0%
248 Eye of Het II
0%
16 Family Crest
0%
193 Fate of the Gods
0%
22 Fight Arena
0%
75 Forgettable Tale of a Drunken Dwarf
0%
146 Forgiveness of a Chaos Dwarf
0%
145 Fur 'n Seek
0%
76 Garden of Tranquility
0%
61 Ghosts Ahoy
0%
140 Glorious Memories
0%
209 Gower Quest
0%
116 Grim Tales
0%
159 Gunnar's Ground
0%
56 Haunted Mine
0%
25 Hazeel Cult
0%
198 Heart of Stone
0%
281 Hearts of Sanguine
0%
242 Heartstealer
0%
282 Hermit Permits
0%
11 Heroes' Quest
0%
201 Hero's Welcome
0%
23 Holy Grail
0%
53 Horror from the Deep
0%
269 Housing of Parliament
0%
143 Hunt for Red Raktuber
0%
68 Icthlarin's Little Helper
0%
210 Impressing the Locals
0%
91 In Aid of the Myreque
0%
138 In Pyre Need
0%
58 In Search of the Myreque
0%
31 Jungle Potion
0%
124 Kennith's Concerns
0%
259 Kili Row
0%
208 Kindred Spirits
0%
162 King of the Dwarves
0%
117 King's Ransom
0%
120 Land of the Goblins
0%
125 Legacy of Seergaze
0%
42 Legends' Quest
0%
174 Let Them Eat Pie
0%
12 Lost CIty
0%
157 Love Story
0%
98 Lunar Diplomacy
0%
82 Making History
0%
131 Meeting History
0%
13 Merlin's Crystal
0%
142 Missing My Mummy
0%
191 Missing, Presumed Death
0%
19 Monk's Friend
0%
63 Mountain Daughter
0%
74 Mourning's End Part I
0%
78 Mourning's End Part II
0%
39 Murder Mystery
0%
255 Murder on the Border
0%
103 My Arm's Big Adventure
0%
137 Myths of the White Lands
0%
46 Nature Spirit
0%
258 Necromancy!
0%
254 New Foundations
0%
206 Nomad's Elegy
0%
150 Nomad's Requiem
0%
35 Observatory Quest
0%
273 Ode of the Devourer
0%
113 Olaf's Quest
0%
226 Once Upon a Slime
0%
246 Once Upon a Time in Gielinor
0%
192 One of a Kind
0%
170 One Piercing Note
0%
62 One Small Favour
0%
271 Osseous Rex
0%
216 Our Man in the North
0%
126 Perils of Ice Mountain
0%
275 Pharaoh's Folly
0%
217 'Phite Club
0%
219 Pieces of Hate
0%
9 Pirate's Treasure
0%
27 Plague City
0%
196 Plague's End
0%
45 Priest in Peril
0%
279 Princess and the Pauper
0%
156 Quiet Before the Swarm
0%
93 Rag and Bone Man
0%
230 Raksha, the Shadow Colossus
0%
83 Rat Catchers
0%
73 Recruitment Drive
0%
49 Regicide
0%
265 Remains of the Necrolord
0%
270 Requiem for a Dragon
0%
129 Rocking Out
0%
60 Roving Elves
0%
95 Royal Trouble
0%
80 Rum Deal
0%
151 Rune Mechanics
0%
261 Rune Mythos
0%
167 Salt in the Wound
0%
15 Scorpion Catcher
0%
28 Sea Slug
0%
51 Shades of Mort'ton
0%
81 Shadow of the Storm
0%
26 Sheep Herder
0%
3 Shield of Arrav
0%
33 Shilo Village
0%
228 Sins of the Father
0%
212 Sliske's Endgame
0%
128 Smoking Kills
0%
179 Some Like It Cold
0%
177 Song from the Depths
0%
272 Soul Searching
0%
130 Spirit of Summer
0%
84 Spirits of the Elid
0%
278 Stellar Born
0%
181 Stolen Hearts
0%
253 Succession
0%
133 Summer's End
0%
94 Swan Song
0%
135 Swept Away
0%
48 Tai Bwo Wannai Trio
0%
21 Temple of Ikov
0%
260 That Old Black Magic
0%
152 The Blood Pact
0%
168 The Branches of Darkmeyer
0%
139 The Chosen Commander
0%
144 The Curse of Arrav
0%
100 The Darkness of Hallowvale
0%
189 The Death of Chivalry
0%
40 The Dig Site
0%
176 The Elder Kiln
0%
99 The Eyes of Glouphrie
0%
65 The Feud
0%
171 The Firemaker's Curse
0%
109 The Fremennik Isles
0%
52 The Fremennik Trials
0%
71 The Giant Dwarf
0%
66 The Golem
0%
32 The Grand Tree
0%
111 The Great Brain Robbery
0%
86 The Hand in the Sand
0%
214 The Jack of Spades
0%
202 The Light Within
0%
203 The Lord of Vampyrium
0%
72 The Lost Tribe
0%
195 The Mighty Fall
0%
221 The Needle Skips
0%
118 The Path of Glouphrie
0%
163 The Prisoner of Glouphrie
0%
2 The Restless Ghost
0%
101 The Slug Menace
0%
263 The Spirit of War
0%
141 The Tale of the Muspah
0%
148 The Temple at Senntisten
0%
241 The Vault of Shadows
0%
160 The Void Stares Back
0%
187 The World Wakes
0%
54 Throne of Miscellania
0%
127 TokTz-Ket-Dill
0%
264 Tomes of the Warlock
0%
110 Tower of Life
0%
24 Tree Gnome Village
0%
17 Tribal Totem
0%
57 Troll Romance
0%
47 Troll Stronghold
0%
250 Twilight of the Gods
0%
34 Underground Pass
0%
256 Unwelcome Guests
0%
262 Vessel of the Harbinger
0%
222 Violet is Blue
0%
240 Violet is Blue Too
0%
280 Visions of Havenhythe
0%
79 Wanted!
0%
37 Watchtower
0%
29 Waterfall Quest
0%
112 What Lies Below
0%
182 What's Mine is Yours
0%
147 Within the Light
0%
283 Wiz Kid
0%
220 You Are It
0%
70 Zogre Flesh Eaters
0%
No matching quizzes found
Score Distribution
Percent of People with Each Score
Percentile by Number Answered
Your Score History
You have not taken this quiz